000 00872nas a2200289 4500
001 BR2012003081
003 BR-BrBNA
005 20231205120514.0
007 ta
008 230509b bl.|||p| |||| 00| 00por d
040 _aBR-BrBNA
_bpor
_cBiblioteca Nacional de Agricultura
041 _a(Pt)
072 _aF70
100 1 _aSilveira, G.H.
100 1 _aLonghi-wagner, H.M.
245 1 _aCyperaceae Juss. no Morro Santana- Porto Alegre e Viamão, Rio Grande do Sul, Brasil
650 _aCYPERACEAE
650 _aRIO GRANDE DO SUL
650 _aFLORAÇÃO
650 _aFRUTIFICAÇÃO
650 _aDISTRIBUIÇÃO GEOGRÁFICA
650 _aHABITAT
650 _a
773 0 _tIheringia. Série Botânica (Brazil)
_xISSN 0073-4705
_g(Jul-Dec 2008), v. 63(2) p. 295-320
_wBR2012003081
909 _a202311
_bLúcia
_c55
_dLúcia Elande
942 _2AGRIS
_n0
_cANA
999 _c218855
_d218855